000 00471nam a22001697a 4500
999 _c525995
_d525995
003 NUST
020 _a978965930786
_qH/B
038 _awaseem
082 _a491.439
_bMUS
100 _aMustafa, Zubaida
_916948
245 _aZuban Te Zaria Taleem /
_cZubaida Mustafa
260 _aLahore :
_bSanjh Publications,
_c 2012.
300 _a126 p. ;
880 _6100-01\r
_aزبیدہ مصطفی
880 _6245-02\r
_aزبان تے زریعہ تعلیم
942 _2ddc
_cBK